| 000 | 00807nam a2200217 i 4500 | ||
|---|---|---|---|
| 001 | 183081 | ||
| 003 | ES-MaACL | ||
| 005 | 20231030134744.0 | ||
| 008 | 140115s2011 sp | |||||||| | spa d | ||
| 020 | _a978-84-96668-98-0 | ||
| 080 | _a081 Martín García-Alós, José Luis | ||
| 100 | 1 |
_aMartín García-Alós, José Luis. _954144 |
|
| 245 | 1 | 0 |
_aCartas a la prensa, artículos y conferencias / _cJosé Luis Martín García Alós. |
| 250 | _a1ª ed. | ||
| 260 |
_aBarcelona : _bLa Plana, _c2011. |
||
| 300 |
_a536 p ; _c21 cm. |
||
| 852 |
_aES-MaACL _jA-13027 _9190015 _bR.149927 _cDEPO1 _dOlim: N-6027 _zDonación: José Luis Martín García Alós _gDedicatoria autógrafa del autor |
||
| 903 |
_954144 _aMartín García-Alós, José Luis _ednr |
||
| 942 |
_2udc _cMONOGRAFIA |
||
| 999 |
_c183081 _d183081 |
||